000 00434nam a2200181Ia 4500
001 19110
005 20260306171720.0
008 260306s9999||||xx |||||||||||||| ||und||
041 _aESP
082 _a658.8
_bK78
100 _aKotler, Philip
_eAUT
245 0 _aLas preguntas más frecuentes sobre marketing
260 _c2005
300 _a228 páginas :
_ccm.
650 _aGEN
654 _aCAN
942 _cLIB
_dJUS
_fJUS
_2ddc
_n
999 _c19110
_d19110